00364pab a2200121 454500008004000000100003400040245009500074260000900169300001100178362000900189650001400198773003000212180718b1985 xxu||||| |||| 00| 0 eng d aSingh, Udai Pratap and others aExtraversion, newroticiasm and criminality, comparative study of different criminal groups c1985 a259-66 aJuly aCriminals aIndian Jr. of Social Work